000 00286nam a22001217a 4500
008 180122b xxu||||| |||| 00| 0 eng d
041 _aeng
080 _a616.12-008-073 ZEN
100 _a7
101 _aKARD
245 _aCardiovascular prescribing guide
_cZeneca,A
942 _2udc
_cBK
999 _c40680
_d40680